ბათუმის შოთა რუსთაველის სახელმწიფო უნივერსიტეტის ბიბლიოთეკა

ქართული ხახულის მონასტერი / (ბიბ.ჩანაწერი № 48843)

000 -ლიდერი
ფიქსირებული სიგრძის საკონტროლო ველი 01404nam a2200253Ia 4500
001 - საკონტროლო ნომერი
საკონტროლო ველი 15745
003 - საკონტროლო ნომრის იდენტიფიკატორი
საკონტროლო ველი GE_BSU
005 - ბოლო ოპერაციის თარიღი და დრო
საკონტროლო ველი 20250131110911.0
008 - ფიქსირებული სიგრძის მონაცემთა ელემენტები - ზოგადი ინფორმაცია
ფიქსირებული სიგრძის საკონტროლო ველი 181216s2015||||ge |||||||||||||| ||geo||
010 ## - კონგრესის ბიბლიოთეკის საკონტროლო ნომერი
LC საკონტროლო ნომერი 9789941460067
040 ## - კატალოგიზაციის წყარო
Transcribing agency GE_BSU
041 ## - ენის კოდი
Language code of text/sound track or separate title geo
080 ## - უნივერსალური ათობითი კლასიფიკაციის ინდექსი
Universal Decimal Classification number 726:27-523.6 შ-93
100 ## - მთავარი ჩანაწერი - პიროვნების სახელი
Personal name შუგუროვი, ნ. მ.
9 (RLIN) 24203
245 ## - ცნობა სათაურის შესახებ
Title ქართული ხახულის მონასტერი /
Statement of responsibility, etc ნ.მ.შუგუროვი, რუს. ქართულად თარგმნეს მერაბ და ირმა ახვლედიანებმა,წერ. დაურთო შუშანა ფუტკარაძემ,რედ: შუშანა ფუტკარაძე,მერაბ ახვლედიანი
264 ## - წარმოების, გამოცემის, დისტრიბუციის და სხვა ცნობები
გამოცემის, წარმოების, დისტრიბუციის... ადგილი ბათუმი :
გამოცემის, წარმოების, დისტრიბუციის... სახელწოდება აჭარა,
გამოცემის, წარმოების, დისტრიბუციის... თარიღი 2015.
300 ## - ფიზიკური აღწერა
Extent 95 გვ.:
Other physical details ილ;
Dimensions 19 სმ.
600 ## - SUBJECT ADDED ENTRY--PERSONAL NAME
Source of heading or term ნაშრომი ეძღვნება წმინდა გრიგოლ ხანძთელის ხსოვნას.
653 ## - INDEX TERM--UNCONTROLLED
Uncontrolled term ქართული ხახულის მონასტერი
653 ## - INDEX TERM--UNCONTROLLED
Uncontrolled term რელიგია
700 ## - ADDED ENTRY--PERSONAL NAME
Personal name ახვლედიანი, მერაბ
Relator term მთარგმნელი
9 (RLIN) 9913
700 ## - ADDED ENTRY--PERSONAL NAME
Personal name ახვლედიანი, ირმა
Relator term მთარგმნელი
9 (RLIN) 24204
942 ## - ADDED ENTRY ELEMENTS (KOHA)
Koha item type წიგნი
Source of classification or shelving scheme
ეგზემპლარები
ჩამოწერის სტატუსი დაკარგული ეგზემპლარის სტატუსი კლასიფიკაციის წყარო ან თაროზე გაწყობის სქემა დაზიანების სტატუსი არ გაიცემა მუდმივი მდებარეობა (დაცვის ადგილი) ამჟამინდელი ადგილსამყოფელი თაროზე განთავსების ადგილი შეძენის თარიღი სრული შენახვის შიფრი შტრიხკოდი ბოლო ოპერაციის თარიღი ეგზემპლარის მიმდევრობითი ნომერი (კეტერი?) ფასის ძალაში შესვლის თარიღი ეგზემპლარის სახეობა ღირებულება, შესყიდვის ნორმალური ფასი Uniform Resource Identifier საჯარო შენიშვნა
          ბათუმის შოთა რუსთაველის სახელმწიფო უნივერსიტეტის მთავარი ბიბლიოთეკა ბათუმის შოთა რუსთაველის სახელმწიფო უნივერსიტეტის მთავარი ბიბლიოთეკა წიგნსაცავი 2018-12-17 726:27-523.6 შ-93 39586 2018-12-17 39586 2018-12-17 წიგნი      
          ბათუმის შოთა რუსთაველის სახელმწიფო უნივერსიტეტის მთავარი ბიბლიოთეკა ბათუმის შოთა რუსთაველის სახელმწიფო უნივერსიტეტის მთავარი ბიბლიოთეკა წიგნსაცავი 2018-12-17 726:27-523.6 შ-93 39587 2018-12-17 39587 2018-12-17 წიგნი      
          ბათუმის შოთა რუსთაველის სახელმწიფო უნივერსიტეტის მთავარი ბიბლიოთეკა ბათუმის შოთა რუსთაველის სახელმწიფო უნივერსიტეტის მთავარი ბიბლიოთეკა წიგნსაცავი 2018-12-17 726:27-523.6 შ-93 39588 2018-12-17 39588 2018-12-17 წიგნი      
          ბათუმის შოთა რუსთაველის სახელმწიფო უნივერსიტეტის მთავარი ბიბლიოთეკა ბათუმის შოთა რუსთაველის სახელმწიფო უნივერსიტეტის მთავარი ბიბლიოთეკა წიგნსაცავი 2025-01-31 726:27-523.6 შ-93 70522 2025-01-31 70522 2025-01-31 წიგნი 5.00 ნაჩუქარი 5.00